书目信息 |
| 题名: |
奔向自由
|
|
| 作者: | 李京洲 译 | |
| 分册: | ||
| 出版信息: | 北京 中央编译出版社 2007 |
|
| 页数: | 398页 | |
| 开本: | 24cm | |
| 丛书名: | 领导干部参考译丛 | |
| 单 册: | ||
| 中图分类: | D751.221 | |
| 科图分类: | ||
| 主题词: | 政治体制改革--研究--俄罗斯--现代 , 政治体制改革 | |
| 电子资源: | ||
| ISBN: | 978-7-80211-351-0 | |
| 000 | 01001oam2 2200277 450 | |
| 001 | 1232548172 | |
| 005 | 20121005090308.48 | |
| 010 | @a978-7-80211-351-0@dCNY46.00 | |
| 100 | @a20070608d2007 em y0chiy50 ea | |
| 101 | 1 | @achi@crus |
| 102 | @aCN@b110000 | |
| 105 | @ay z 000yy | |
| 200 | 1 | @a奔向自由@Aben xiang zi you@e戈尔巴乔夫改革二十年后的评说@f李京洲[等]译 |
| 210 | @a北京@c中央编译出版社@d2007 | |
| 215 | @a398页@d24cm | |
| 225 | 2 | @a领导干部参考译丛 |
| 304 | @a译者还有:赵国顺、何宏江、冯育民、曲延明、侯静娜 | |
| 330 | @a本书包括三部分内容:1985至1991年改变苏联和世界的七年、谈时代和个人、社会舆论对戈尔巴乔夫改革的反映。 | |
| 461 | 0 | @12001 @a领导干部参考译丛 |
| 517 | 1 | @a戈尔巴乔夫改革二十年后的评说@Age er ba qiao fu gai ge er shi nian hou de ping shuo |
| 606 | 0 | @a政治体制改革@x研究@y俄罗斯@z现代 |
| 606 | 0 | @a政治体制改革 |
| 690 | @aD751.221@v4 | |
| 701 | 0 | @a李京洲@Ali jing zhou@c(俄文翻译)@4译 |
| 801 | 0 | @aCN@bNLC@c20101222 |
| 905 | @a10447@dD751.221@eJY41 | |
| 奔向自由:戈尔巴乔夫改革二十年后的评说/李京洲[等]译.-北京:中央编译出版社,2007 |
| 398页;24cm.-(领导干部参考译丛) |
| ISBN 978-7-80211-351-0:CNY46.00 |
| 本书包括三部分内容:1985至1991年改变苏联和世界的七年、谈时代和个人、社会舆论对戈尔巴乔夫改革的反映。 |
| ● |
| 相关链接 |
|
|
|
|
正题名:奔向自由
索取号:D751.221/JY41
 
预约/预借
| 序号 | 登录号 | 条形码 | 馆藏地/架位号 | 状态 | 备注 |
| 1 | 7812482 | 278124824 | 学院路分馆/ [索取号:D751.221/JY41] | 在馆 | |
| 2 | 7812483 | 278124833 | 学院路分馆/ [索取号:D751.221/JY41] | 在馆 |